| 000 | 00760nam a22002177a 4500 | ||
|---|---|---|---|
| 999 |
_c18501 _d18501 |
||
| 003 | AR-CdUCM | ||
| 008 | 190514b ||||| |||| 00| 0 spa d | ||
| 040 |
_aMUNICIPALIDAD PROVINCIAL DEL CUSCO _cBIBLIOTECA MUNICIPAL DEL CUSCO |
||
| 082 |
_a343.314 / _bSA19 / 1942 |
||
| 100 |
_aSampay, Arturo Enrique _938686 |
||
| 245 | _aLa crisis del estado de derecho liberal - burgues / | ||
| 260 |
_aBuenos Aires : _bLosada, _c1942 |
||
| 300 |
_a386 paginas ; _c21 cm. |
||
| 505 | _aContenido: Capitulo primero -- capitulo segundo -- Capitulo tercero -- Capitulo cuarto -- CapĂtulo Quinto... | ||
| 650 |
_aCrisis _96852 |
||
| 650 |
_aEstado _9738 |
||
| 650 |
_aDerecho _9739 |
||
| 700 |
_aCossio, Carlos _939128 |
||
| 942 |
_2ddc _cLIBROS |
||
| 945 |
_apjha _d2019-05-14 |
||